Psicología de la organización / Francisco José Palaci Descals (Registro nro. 162)

Detalles MARC
000 -LEADER
fixed length control field 00520nam a22001931a 4500
001 - CONTROL NUMBER
control field 162
003 - CONTROL NUMBER IDENTIFIER
control field OSt
005 - DATE AND TIME OF LATEST TRANSACTION
control field 20260204211643.0
008 - FIXED-LENGTH DATA ELEMENTS--GENERAL INFORMATION
fixed length control field 061130s2005||||sp ||||||b||||||||||spa||
020 ## - NUMERO DE LIBRO INTERNACIONAL NORMALIZADO
International Standard Book Number 8420543403
050 ## - LIBRARY OF CONGRESS CALL NUMBER
Classification number 158.7 P171p
100 ## - ASIENTO PRINCIPAL -- NOMBRE PERSONAL
Personal name Palaci Descals, Francisco José
245 ## - TÍTULO PROPIAMENTE DICHO: SUBTÍTULO
Title Psicología de la organización / Francisco José Palaci Descals
264 ## - PRODUCTION, PUBLICATION, DISTRIBUTION, MANUFACTURE, AND COPYRIGHT NOTICE
Place of production, publication, distribution, manufacture España: Pearson Educación
300 ## - PHYSICAL DESCRIPTION
Extensión 415 p
500 ## - GENERAL NOTE
General note Incluye bibliografía
650 ## - ASIENTO SECUNDARIO DE MATERIA -- TERMINO TEMÁTICO
Termino Temático Como Elemento de Entrada 1.Psicología IndustrialÌ
942 ## - ADDED ENTRY ELEMENTS (KOHA)
Source of classification or shelving scheme Dewey Decimal Classification
Koha item type Libros
Existencias
Withdrawn status Lost status Source of classification or shelving scheme Damaged status Not for loan Current library Date acquired Total Checkouts Full call number Barcode Date last seen Price effective from Koha item type
    Dewey Decimal Classification     Biblioteca UTECO 09/09/2019   158.7 P171P 012538 09/09/2019 09/09/2019 Libros
© 2021 Derechos Reservados UTECO - Teléfono: +1 809-585-2291 - Correo electrónico: biblioteca@uteco.edu.do​  
Código postal 43000 ​​
Dirección: Avenida Universitaria No. 100, 
Cotuí, Provincia Sánchez Ramírez, República Dominicana - RNC: 404-00059-6